Časovo efektívna mobilita budúcnosti

Salvato in:
Dettagli Bibliografici
Autore principale: Mega, Dávid (Autore)
Altri autori: Olah, Peter (Relatore della tesi)
Natura: Manoscritto Libro
Lingua:slovacco
Pubblicazione: Bratislava 2021
Soggetti:
Accesso online:http://is.stuba.sk/zp/portal_zp.pl?podrobnosti=158185
Tags: Aggiungi Tag
Nessun Tag, puoi essere il primo ad aggiungerne!!

MARC

LEADER 00000ntm a22000003a 4500
001 stuzp84924
003 SK-STU
005 20220222084019.7
007 ta
008 150427s2015----xo-----f-mn---000-0-slo-d
040 |a STU  |b slo 
041 0 |a slo 
100 1 |a Mega, Dávid  |u 059190  |4 aut  |U FAD Fakulta architektúry a dizajnu  |T FAD Ústav dizajnu  |X 77252  |U A9190  |Y 400  |7 77252 
242 0 1 |a Time-efficient mobility of the future  |y eng 
245 1 0 |a Časovo efektívna mobilita budúcnosti 
260 |c 2021  |a Bratislava 
650 4 |a 2050  |2 slo 
650 4 |a Efektívna  |2 slo 
650 4 |a Mobilita  |2 slo 
650 4 |a Efficient  |2 eng 
650 4 |a Mobility  |2 eng 
650 4 |a 2050  |2 eng 
700 1 |a Olah, Peter  |u 059190  |k Z1  |4 ths  |U FAD Fakulta architektúry a dizajnu  |T FAD Ústav dizajnu  |X 5303  |U A9190  |Y 400  |7 A000005303 
856 4 |u http://is.stuba.sk/zp/portal_zp.pl?podrobnosti=158185  |u https://opac.crzp.sk/?fn=detailBiblioForm&sid=0C216CD716E182230D2A0FAAC853